000 01254cam a22002174a 4500
005 20250605164208.0
008 250528s ||||||||||||||||||||||||d
035 _a20151
020 _a72040455
040 _aGR-AtMCL
_bgre
_dGR-AtMCL
_eAACR2
245 1 _aApplications of Control Theory to Economic Analysis / Contributions to Economic
250 _a1st
260 _bNorth Holland Publishing Company,
_c1977
300 _a366
520 _aPreface, Non-Linear Models - Introduction, Optimal Control Theorems, Resource Depletion with Possible Non-Convexities in Production, Otimal Exploitation and Replenishment of a Natural Resource, The Adjustment Cost Problem with Jumps in the State Variable, Two State Variable Problems, Linear Stablilisation Models, Policy Objectives and Instrument Requirements for a Dynamic Theory of Policy, Existence and Uniqueness and Stability of Linear Optimal Stabilisation Policies, Optimal Control of Linear Systems with Stochastic Coefficients and Additive Disturbances, On the Scope of Optimal and Discretionary Policies in the Stabilisation of Stochastic linear Systems.
700 1 _aPitchford John D
_96200
700 1 _aTurnovsky Stephen J
_96201
942 _cBK
999 _c5290
_d5290